Alabama ... or Albania? - Statistics

General Stats
  • This quiz has been taken 69 times
  • The average score is 11 of 14
Answer Stats
Question Answer % Correct
Capital is Tirana Albania
100%
Is larger in size Alabama
96%
Has a higher percentage of its population classified as obese Alabama
96%
Has more bunkers Albania
96%
Borders another country Albania
96%
Borders the Gulf of Mexico Alabama
92%
Was part of the Ottoman Empire Albania
92%
Higher homicide rate Alabama
88%
Has a higher smoking rate Albania
81%
Is closer to Iceland Albania
73%
Has a population of around 5 million people Alabama
65%
Capital city has a higher population Albania
58%
Became a country or state first Alabama
54%
Has more Winter Olympic gold medals Alabama
46%
No matching quizzes found
Score Distribution
Percent of People with Each Score
Percentile by Number Answered
Your Score History
You have not taken this quiz